000 00843nam a2200325 a 4500
003 AR-BaBNM
005 20251128204513.0
008 082120s2002 ||||||||||||||000 | spa||
020 _a950-520-116-8
040 _cAR-BaBNM
100 1 _aBorda, Guillermo A.
245 0 0 _aTratado de derecho civil
_bfamilia. 1
250 _a9ª ed. aum. y corr.
260 _aBuenos Aires
_bPerrot
_c1993
300 _a578 p.
500 _aContiene índice sistemático p. 687-711
650 4 _aDERECHO CIVIL
650 4 _aDERECHO DE FAMILIA
650 4 _aADOPCION
650 4 _aCONTRATOS
650 4 _aCONTRATO MATRIMONIAL
650 4 _aDERECHO SUCESORIO
650 4 _aDERECHOS DE LA MUJER
650 4 _aFAMILIA
650 4 _aMATRIMONIO
650 4 _aPOLIGAMIA
650 4 _aSEPARACION [MATRIMONIO]
942 _cBK
998 _cCarmen
999 _c7682
_d7682